Dangerous climate change - is the world on the brink? (Record no. 74942)
[ view plain ]
| 000 -LEADER | |
|---|---|
| fixed length control field | 01246cam a2200193 4500 |
| 001 - CONTROL NUMBER | |
| control field | X129097 |
| 008 - FIXED-LENGTH DATA ELEMENTS--GENERAL INFORMATION | |
| fixed length control field | 050317n2005 000 0 eng u |
| 035 ## - SYSTEM CONTROL NUMBER | |
| System control number | (Sirsi) u129097 |
| 245 ## - TITLE STATEMENT | |
| Title | Dangerous climate change - is the world on the brink? |
| 260 ## - PUBLICATION, DISTRIBUTION, ETC. | |
| Date of publication, distribution, etc. | 2005 |
| 490 ## - SERIES STATEMENT | |
| Series statement | ENDS Report |
| Volume/sequential designation | (361) February 2005, 17-21(5) |
| 520 ## - SUMMARY, ETC. | |
| Summary, etc. | Reports on the significantly mounting evidence that greenhouse gas emissions will cause serious interference to the global climate, with the possibility of ocean acidification threatening entire marine ecosystems, polar ice caps melting and the Gulf Stream shutting down. Points to an emerging consensus that aglobal temperature increase must be limited to two degrees centigrade and that a concerted and urgent action to halve global emissions by 2050. Outlines a climate choreography for the G8 Summit and lists the key recommendations of the Climate Task Force established in March 2004. Diagram covers predicted changes in the Greenland ice sheet and a graph illustrates vegetation and soil as net carbon sources. |
| 590 ## - LOCAL NOTE (RLIN) | |
| Local note | ABS |
| 650 ## - SUBJECT ADDED ENTRY--TOPICAL TERM | |
| Topical term or geographic name entry element | CARBON DIOXIDE EMISSIONS |
| 650 ## - SUBJECT ADDED ENTRY--TOPICAL TERM | |
| Topical term or geographic name entry element | GREENHOUSE GAS EMISSIONS |
| 650 ## - SUBJECT ADDED ENTRY--TOPICAL TERM | |
| Topical term or geographic name entry element | CLIMATE CHANGE |
| 690 ## - LOCAL SUBJECT ADDED ENTRY--TOPICAL TERM (OCLC, RLIN) | |
| Topical term or geographic name as entry element | ENVIRONMENTAL AND LAND CONSULTANCY |
| 942 ## - ADDED ENTRY ELEMENTS (KOHA) | |
| Suppress in OPAC | 0 |
| Withdrawn status | Lost status | Source of classification or shelving scheme | Damaged status | Not for loan | Home library | Current library | Shelving location | Date acquired | Total Checkouts | Full call number | Barcode | Date last seen | Copy number | Price effective from | Koha item type |
|---|---|---|---|---|---|---|---|---|---|---|---|---|---|---|---|
| Dewey Decimal Classification | London | London | Journal article | 17/03/2005 | X129097 | 129097-1001 | 06/08/2019 | 1 | 06/08/2019 | Journal article |